000 00715nam a22002177a 4500
003 0
005 20251028100923.0
008 251028b xxu||||| |||| 00| 0 eng d
020 _a978-1-77956-444-3
050 _aG 156.5.H47
_b.Ar75 2025
100 _aArjona, Merly Fiscal,
_eauthor.
245 _aCultural heritage tourism /
_cMerly Fiscal Arjona.
260 _aBurlington, ON :
_bSociety Publishing,
_c2025.
300 _axviii, 383 pages :
_billustrations ;
_c24 cm.
504 _aIncludes bibliographical references and index.
650 _aHeritage tourism.
650 _aCultural tourism.
650 _aSustainable tourism.
650 _aHistoric sites
_xConservation and restoration.
942 _2lcc
_cBK
999 _c368366
_d368366